| 000 | 00958nam a2200325 a 4500 | ||
|---|---|---|---|
| 003 | AR-BaBNM | ||
| 005 | 20251128210822.0 | ||
| 008 | 082120s2002 ||||||||||||||000 | spa|| | ||
| 020 | _a84-7774-028-3 | ||
| 040 | _cAR-BaBNM | ||
| 100 | 1 | _aHuerta, Elena | |
| 245 | 0 | 0 |
_aPrograma de reeducación para dificultades en la escritura _bmanual para el reeducador, maestro y padres |
| 250 | _a4ª ed. | ||
| 260 |
_aMadrid _bVisor _c1991 |
||
| 300 | _a52 p. | ||
| 490 | 0 |
_aAprendizaje _vv. 2 |
|
| 650 | 4 | _aENSEÑANZA DE LA ESCRITURA | |
| 650 | 4 | _aDIFICULTADES EN EL APRENDIZAJE | |
| 650 | 4 | _aENSEÑANZA DE LA ORTOGRAFIA | |
| 650 | 4 | _aGUIA DEL DOCENTE | |
| 650 | 4 | _aACTIVIDADES DE LA CLASE | |
| 650 | 4 | _aEVALUACION DEL ALUMNO | |
| 653 | _aEDUCACION PRIMARIA | ||
| 653 | _aESTRATEGIAS DIDACTICAS | ||
| 700 | 1 | _aMatamala, Antonio | |
| 800 | 1 |
_aAlvarez, Amelia _edirector |
|
| 800 | 1 |
_aDel Río, Pablo _edirector |
|
| 942 | _cBK | ||
| 998 | _cRaquel | ||
| 999 |
_c17055 _d17055 |
||